Bài giảng hình học họa hình
Bài giảng giới thiệu phương pháp hai hình chiếu thẳng gốc như điểm - đường thẳng - mặt phẳng, các phép biến đổi hình chiếu...
Saved in:
| Main Author: | |
|---|---|
| Format: | Book |
| Language: | Undetermined |
| Published: |
Cần Thơ
Trường Đại học Cần Thơ
2000
|
| Subjects: | |
| Tags: |
Add Tag
No Tags, Be the first to tag this record!
|
| Institutions: | Trung tâm Học liệu Trường Đại học Cần Thơ |
|---|
| LEADER | 00819nam a2200217Ia 4500 | ||
|---|---|---|---|
| 001 | CTU_43815 | ||
| 008 | 210402s9999 xx 000 0 und d | ||
| 082 | |a 516.6 | ||
| 082 | |b L431 | ||
| 100 | |a Ngô, Thăng Long | ||
| 245 | 0 | |a Bài giảng hình học họa hình | |
| 245 | 0 | |c Ngô Thăng Long (Biên soạn) | |
| 260 | |a Cần Thơ | ||
| 260 | |b Trường Đại học Cần Thơ | ||
| 260 | |c 2000 | ||
| 520 | |a Bài giảng giới thiệu phương pháp hai hình chiếu thẳng gốc như điểm - đường thẳng - mặt phẳng, các phép biến đổi hình chiếu... | ||
| 526 | |a Hình học họa hình | ||
| 526 | |b SP329 | ||
| 650 | |a Geometry, descriptive | ||
| 904 | |i Minh | ||
| 980 | |a Trung tâm Học liệu Trường Đại học Cần Thơ | ||